000 00394nam a2200121Ia 4500
008 250110s9999 xx 000 0 und d
041 _aeng
100 _aMane Deepa
_9182371
245 _aLandscape Development Bhavtaal Environmental Awareness Centre For At Kotwalwadi Trust Neral
260 _bM Arch Landscape, Pune
_c2012
300 _a50p
700 _aGuide Name:Kamalapurkar Shubhda
_9210041
999 _c363234
_d363234